The Challenge of Third World Development / (Record no. 11301)
[ view plain ]
| 000 -LEADER | |
|---|---|
| fixed length control field | 01514cam a2200313 a 4500 |
| 001 - CONTROL NUMBER | |
| control field | 15213342 |
| 005 - DATE AND TIME OF LATEST TRANSACTION | |
| control field | 20160822150634.0 |
| 008 - FIXED-LENGTH DATA ELEMENTS--GENERAL INFORMATION | |
| fixed length control field | 080310s2009 nju b 001 0 eng |
| 010 ## - LIBRARY OF CONGRESS CONTROL NUMBER | |
| LC control number | 2008009788 |
| 020 ## - INTERNATIONAL STANDARD BOOK NUMBER | |
| International Standard Book Number | 9780136054771 (alk. paper) |
| 020 ## - INTERNATIONAL STANDARD BOOK NUMBER | |
| International Standard Book Number | 0136054773 (alk. paper) |
| 040 ## - CATALOGING SOURCE | |
| Original cataloging agency | DLC |
| Transcribing agency | DLC |
| Modifying agency | DLC |
| 043 ## - GEOGRAPHIC AREA CODE | |
| Geographic area code | d------ |
| 050 00 - LIBRARY OF CONGRESS CALL NUMBER | |
| Classification number | HC59.7 |
| Item number | .H299 2009 |
| 082 00 - DEWEY DECIMAL CLASSIFICATION NUMBER | |
| Classification number | 338.90091724 |
| Edition number | 22 |
| Item number | HAN |
| 100 1# - MAIN ENTRY--PERSONAL NAME | |
| Personal name | Handelman, Howard, |
| Dates associated with a name | 1943- |
| 9 (RLIN) | 3690 |
| 245 14 - TITLE STATEMENT | |
| Title | The Challenge of Third World Development / |
| Statement of responsibility, etc | Howard Handelman. |
| 250 ## - EDITION STATEMENT | |
| Edition statement | 5th ed. |
| 260 ## - PUBLICATION, DISTRIBUTION, ETC. (IMPRINT) | |
| Place of publication, distribution, etc | Upper Saddle River, NJ : |
| Name of publisher, distributor, etc | Pearson Prentice Hall, |
| Date of publication, distribution, etc | c2009. |
| 300 ## - PHYSICAL DESCRIPTION | |
| Extent | xiv, 348 p. ; |
| Dimensions | 23 cm. |
| 504 ## - BIBLIOGRAPHY, ETC. NOTE | |
| Bibliography, etc | Includes bibliographical references and index. |
| 505 0# - FORMATTED CONTENTS NOTE | |
| Formatted contents note | Understanding underdevelopment -- Democratic change and the change to democracy -- Religion and politics -- The politics of cultural pluralism and ethnic conflict -- Women and development -- Agrarian reform and the politics of rural change -- Rapid urbanization and the politics of the urban poor -- Revolutionary change -- Soldiers and politics -- The political economy of Third World development. |
| 650 #0 - SUBJECT ADDED ENTRY--TOPICAL TERM | |
| Topical term or geographic name as entry element | Economic development. |
| 9 (RLIN) | 3691 |
| 651 #0 - SUBJECT ADDED ENTRY--GEOGRAPHIC NAME | |
| Geographic name | Developing countries |
| General subdivision | Economic conditions. |
| 9 (RLIN) | 3692 |
| 651 #0 - SUBJECT ADDED ENTRY--GEOGRAPHIC NAME | |
| Geographic name | Developing countries |
| General subdivision | Politics and government. |
| 9 (RLIN) | 3694 |
| 651 #0 - SUBJECT ADDED ENTRY--GEOGRAPHIC NAME | |
| 9 (RLIN) | 3693 |
| Geographic name | Developing countries |
| General subdivision | Economic policy |
| 942 ## - ADDED ENTRY ELEMENTS (KOHA) | |
| Source of classification or shelving scheme | Dewey Decimal Classification |
| Item type | Book - Borrowing |
| Withdrawn status | Item status | Source of classification or shelving scheme | Damaged status | Not for loan | Vendor | Home library | Current library | Shelving location | Date acquired | Source of acquisition | Cost, normal purchase price | Serial Enumeration / chronology | Total Checkouts | Total Renewals | Full call number | Barcode | Date last seen | Date last borrowed | Koha item type |
|---|---|---|---|---|---|---|---|---|---|---|---|---|---|---|---|---|---|---|---|
| Dewey Decimal Classification | Baccah | Central Library | Central Library | First floor | 14/04/2009 | 224.00 | 6995 | 8 | 22 | 338.90091724 HAN | 000015892 | 15/07/2025 | 05/01/2017 | Book - Borrowing |